| 000 | 02018nam a2200469 a 4500 | ||
|---|---|---|---|
| 001 | ebr10197098 | ||
| 003 | CaPaEBR | ||
| 006 | m u | ||
| 007 | cr cn||||||||| | ||
| 008 | 070618s2007 enk sb 101 0 eng | ||
| 010 | _z 2007025011 | ||
| 020 | _z9780199296101 | ||
| 020 | _z0199296103 | ||
| 040 |
_aCaPaEBR _cCaPaEBR |
||
| 035 | _a(OCoLC)647678194 | ||
| 043 | _ab------ | ||
| 050 | 1 | 4 |
_aPR9080.5 _b.C6 2007eb |
| 082 | 0 | 4 |
_a820.9/9171241 _222 |
| 245 | 0 | 0 |
_aClassics in post-colonial worlds _h[electronic resource] / _cedited by Lorna Hardwick and Carol Gillespie. |
| 246 | 3 | _aClassics in postcolonial worlds | |
| 260 |
_aOxford [England] ; _aNew York : _bOxford University Press, _c2007. |
||
| 300 | _axv, 422 p. | ||
| 490 | 1 | _aClassical presences | |
| 500 | _aPapers from a conference, Classics in Post-Colonial Worlds, held at the Open University in Harborne, Birmingham, in May 2004. | ||
| 504 | _aIncludes bibliographical references (p. [364]-409) and index. | ||
| 533 |
_aElectronic reproduction. _bPalo Alto, Calif. : _cebrary, _d2013. _nAvailable via World Wide Web. _nAccess may be limited to ebrary affiliated libraries. |
||
| 650 | 0 |
_aCommonwealth literature (English) _xClassical influences. |
|
| 650 | 0 |
_aCommonwealth literature (English) _xGreek influences. |
|
| 650 | 0 |
_aAfrican drama (English) _xGreek influences. |
|
| 650 | 0 |
_aCaribbean literature (English) _xClassical influences. |
|
| 650 | 0 |
_aCaribbean literature (English) _xGreek influences. |
|
| 650 | 0 |
_aPostcolonialism _zCommonwealth countries. |
|
| 650 | 0 | _aClassicism in literature. | |
| 650 | 0 |
_aComparative literature _xModern and classical. |
|
| 650 | 0 | _aInfluence (Literary, artistic, etc.) | |
| 655 | 7 |
_aElectronic books. _2local |
|
| 700 | 1 | _aHardwick, Lorna. | |
| 700 | 1 | _aGillespie, Carol. | |
| 710 | 2 | _aebrary, Inc. | |
| 830 | 0 | _aClassical presences. | |
| 856 | 4 | 0 |
_uhttp://site.ebrary.com/lib/rucke/Doc?id=10197098 _zAn electronic book accessible through the World Wide Web; click to view |
| 999 |
_c117527 _d117527 |
||